Classifica Marcatori Real Sociedad All-Time - Statistics

Statistiche generali
  • Questo quiz è stato fatto 3 volte
  • Il punteggio medio è 1 su 10
Statistiche sulle risposte
Gol Nazione Calciatore % Corretto
96 Spagna Mikel Oyarzabal
67%
144 Spagna Jesús Satrustegui
33%
73 Messico / Spagna Carlos Vela
0%
107 Serbia Darko Kovačević
0%
74 Spagna Imanol Agirretxe
0%
72 Spagna José Mari Bakero
0%
81 Bosnia ed Erzegovina Meho Kodro
0%
79 Spagna Pello Uralde
0%
107 Spagna Roberto López Ufarte
0%
74 Spagna Xabi Prieto
0%
Nessun quiz corrispondente trovato
Distribuzione punteggi
Percentuale di utenti per punteggio
Percentile per numero di risposta
I tuoi punteggi nel tempo
Non hai fatto questo quiz